Justin Febranii JCti de statu ecclesiae et legitima potestate Romani Pontificis (Record no. 8459)

MARC details
000 -CABECERA
campo de control de longitud fija 00848nam a2200205 a 4500
001 - NÚMERO DE CONTROL
campo de control BRCA_8808
005 - FECHA Y HORA DE LA ÚLTIMA TRANSACCIÓN
campo de control 20190320210423.0
008 - DATOS DE LONGITUD FIJA--INFORMACIÓN GENERAL
campo de control de longitud fija 210417s1768----sp-#######---#000-0#spa-#
041 ## - CÓDIGO DE LENGUA
Código de lengua del texto/banda sonora o título independiente lat
084 ## - OTRO NÚMERO DE CLASIFICACIÓN
Número de clasificación BE189
Número de documento/Ítem .J87 1768
245 10 - MENCIÓN DE TÍTULO
Título Justin Febranii JCti de statu ecclesiae et legitima potestate Romani Pontificis
Resto del título liber singularis ad reuniendos disidentes in religione christianos compositus
250 ## - MENCIÓN DE EDICIÓN
Mención de edición 3a ed.
260 ## - PUBLICACIÓN, DISTRIBUCIÓN, ETC.
Lugar de publicación, distribución, etc. Bullioni
Nombre del editor, distribuidor, etc. Apud Guillelmun Evrardi
Fecha de publicación, distribución, etc. 1768
300 ## - DESCRIPCIÓN FÍSICA
Extensión [50], 756 p.
Dimensiones 22.5 x 15.4 cm.
500 ## - NOTA GENERAL
Nota general Estado físico: presenta encuadernación en pergamino con presencia del pez de plata, cintas rotas, lomo desprendido y algunos cuadernillos sueltos
650 14 - PUNTO DE ACCESO ADICIONAL DE MATERIA--TÉRMINO DE MATERIA
Término de materia o nombre geográfico como elemento de entrada Iglesia y estado
Subdivisión cronológica Obras anteriores a 1800
9 (RLIN) 21950
650 14 - PUNTO DE ACCESO ADICIONAL DE MATERIA--TÉRMINO DE MATERIA
Término de materia o nombre geográfico como elemento de entrada Ley eclesiástica
Subdivisión cronológica Obras anteriores a 1800
9 (RLIN) 21951
902 ## - CATALOGADOR
Iniciales CFM
942 ## - ELEMENTOS DE PUNTO DE ACCESO ADICIONAL (KOHA)
Fuente del sistema de clasificación o colocación Library of Congress Classification
Tipo de ítem Koha Libros
Holdings
Estado de retiro Estado de pérdida Estado dañado No para préstamo Localización permanente Ubicación/localización actual Fecha de adquisición Total de préstamos Signatura topográfica completa Código de barras Fecha visto por última vez Precio válido a partir de Tipo de ítem Koha
El ejemplar forma parte de la colección y puede ser consultado según las políticas vigentes.       Biblioteca del Museo Franz Mayer (Rogerio Casas-Alatriste) Biblioteca del Museo Franz Mayer (Rogerio Casas-Alatriste) 21/04/2017   BE189 .J87 1768 CFM00135 22/03/2019 22/03/2019 Libros